Railway stations in Norfolk Quiz Stats

 Plays Quiz not verified by Sporcle

Support Sporcle.
Go Orange.
Score 0/31 Timer 10:00
0 Plays Today
Year Opened Station % Correct
1844Norwich
99.4%
1844Great Yarmouth
94.2%
1887Cromer
92.2%
1887Sheringham
87.5%
1846King's Lynn
86.9%
1849Diss
83.7%
1845Thetford
83.4%
1845Wymondham
77%
1845Attleborough
67.4%
1874Hoveton & Wroxham
66%
1874North Walsham
64.8%
1846Downham Market
61.9%
1883Acle
61.3%
1844Brundall
57.6%
1924Brundall Gardens
50.3%
1844Reedham
47.7%
Year Opened Station % Correct
1887West Runton
46.5%
1844Berney Arms
45.1%
1845Brandon
42.9%
1882Spooner Row
39.5%
1975Watlington
38.4%
1845Eccles Road
36.6%
1874Salhouse
36%
1845Harling Road
34.3%
1882Lingwood
33.1%
1844Cantley
32.6%
1876Gunton
29.9%
1985Roughton Road
28.2%
1844Buckenham
27%
1904Haddiscoe
25%
1874Worstead
23.5%

You're not logged in!

Compare scores with friends on all Sporcle quizzes.
OR
Log In

From the Vault

Religion Race

by jrage2009

Not many people can finish a 100 yard dash on water.
Remove Ads.
Support Sporcle.
Get the best of Sporcle when you Go Orange. This ad-free experience offers more features, more stats, and more fun while also helping to support Sporcle. Thank you for becoming a member.

Show Comments

Extras

Created Mar 1, 2012ReportNominate
Tags:norfolk, Railway, station

Top Quizzes Today


Score Distribution

Your Account Isn't Verified!

In order to create a playlist on Sporcle, you need to verify the email address you used during registration. Go to your Sporcle Settings to finish the process.

Report this User

Report this user for behavior that violates our Community Guidelines.

Details: